Uncovering ganglioside biomarkers in human epilepsy by ion mobility MS/MS
In the present study we introduced ion mobility separation mass spectrometry (IMS MS) for a comprehensive analysis of the changes in ganglioside pattern in human adult hippocampus affected by temporal lobe epilepsy (TLE) vs. normal hippocampus and discovery of diseaseassociated species.
Elmentve itt :
| Szerzők: | |
|---|---|
| Testületi szerző: | |
| Dokumentumtípus: | Könyv része |
| Megjelent: |
University of Szeged
Szeged
2025
|
| Sorozat: | Proceedings of the International Symposium on Analytical and Environmental Problems
31 |
| Kulcsszavak: | Neurokémia, Analitikai kémia, Neurológia, Tömegspektrometria |
| Tárgyszavak: | |
| Online Access: | http://acta.bibl.u-szeged.hu/88638 |
| LEADER | 01569naa a2200313 i 4500 | ||
|---|---|---|---|
| 001 | acta88638 | ||
| 005 | 20251107141746.0 | ||
| 008 | 251107s2025 hu o 100 eng d | ||
| 020 | |a 978-963-688-078-1 | ||
| 040 | |a SZTE Egyetemi Kiadványok Repozitórium |b hun | ||
| 041 | |a eng | ||
| 100 | 1 | |a Biricioiu Roxana | |
| 245 | 1 | 0 | |a Uncovering ganglioside biomarkers in human epilepsy by ion mobility MS/MS |h [elektronikus dokumentum] / |c Biricioiu Roxana |
| 260 | |a University of Szeged |b Szeged |c 2025 | ||
| 300 | |a 111-112 | ||
| 490 | 0 | |a Proceedings of the International Symposium on Analytical and Environmental Problems |v 31 | |
| 520 | 3 | |a In the present study we introduced ion mobility separation mass spectrometry (IMS MS) for a comprehensive analysis of the changes in ganglioside pattern in human adult hippocampus affected by temporal lobe epilepsy (TLE) vs. normal hippocampus and discovery of diseaseassociated species. | |
| 650 | 4 | |a Természettudományok | |
| 650 | 4 | |a Kémiai tudományok | |
| 650 | 4 | |a Orvos- és egészségtudomány | |
| 650 | 4 | |a Általános orvostudomány | |
| 695 | |a Neurokémia, Analitikai kémia, Neurológia, Tömegspektrometria | ||
| 700 | 0 | 1 | |a Sarbu Mirela |e aut |
| 700 | 0 | 1 | |a Ica Raluca |e aut |
| 700 | 0 | 2 | |a Mlinac-Jerković Kristina |e aut |
| 700 | 0 | 2 | |a Kalanj-Bognar Svjetlana |e aut |
| 700 | 0 | 2 | |a Zamfir Alina D. |e aut |
| 711 | |a 31th International Symposium on Analytical and Environmental Problems |c Szeged |d 2025. október 13-14. | ||
| 856 | 4 | 0 | |u http://acta.bibl.u-szeged.hu/88638/1/proceedings_of_isaep_2025_111-112.pdf |z Dokumentum-elérés |